Statistics for Grand Tour Winners Over The Last 10 Years

Click here to take the quiz!

General Stats

  • This quiz has been taken 20 times
  • The average score is 22 of 30

Answer Stats

RaceWinner% Correct
2013 Tour | 2015 Tour | 2016 Tour | +3 othersChris Froome
100%
2018 TourGeraint Thomas
100%
2012 TourBradley Wiggins
88%
2014 Giro | 2016 VueltaNairo Quintana
82%
2010 Vuelta | 2013 Giro | 2014 Tour | 2016 GiroVincenzo Nibali
82%
2009 Tour | 2012 Vuelta | 2014 Vuelta | 2015 GiroAlberto Contador
82%
2017 GiroTom Dumoulin
71%
2009 VueltaAlejandro Valverde
71%
2010 TourAndy Schleck
71%
2011 TourCadel Evans
59%
2018 VueltaSimon Yates
53%
2010 GiroIvan Basso
47%
2015 VueltaFabio Aru
47%
2011 VueltaJuan José Cobo
41%
2012 GiroRyder Hesjedal
35%
2013 VueltaChris Horner
35%
2011 GiroMichele Scarponi
29%
2009 GiroDenis Menchov
24%

Score Distribution

Percentile by Number Answered

Percent of People with Each Score

Your Score History

You have not taken this quiz